Spongebob Trivia - Statistics

General Stats
  • This quiz has been taken 140 times
  • The average score is 13 of 20
Answer Stats
Question Answer % Correct
What is the name of SpongeBob's pet snail Gary
100%
Who is SpongeBob's boating instructor? Mrs. {Puff}
92%
What is the name of Plankton's computer wife? Karen
91%
What is the name of the drink that SpongeBob forgets when he delivers the Krusty Krab Pizza? Diet Dr. {Kelp}
88%
What is the first of three signs of the coming of the Hash Slinging Slasher? The Lights {flicker}
85%
What is Plankton's first name? Sheldon
84%
What is the name of Squidward's brother? {Squilliam} Fancyson
82%
What is the name of the theme park that SpongeBob and Patrick frequently visit (first in the episode "Rock Bottom")? Glove World
78%
Where is a popular beach that first appears in the episode "Ripped Pants?" Goo Lagoon
68%
When Pearl reopens the Krusty Krab as the Kuddly Krab what is the only food item on the menu? Salad
63%
What material does SpongeBob use to make Squidward a sweater that he finds "a little itchy?" Eyelashes
59%
What does the acronym "P.O.O.P" stand for? People Order Our Patties
58%
What is the name of SpongeBob's most prized jellyfish net? Ol' Reliable
57%
What instrument does Plankton play for a solo in the episode "Band Geeks?" Harmonica
56%
What removes the paint that Patrick and SpongeBob accidentally get on Mr. Krab's first Dollar? Saliva
56%
What attracts Sea Bears if worn in a goofy fashion? Sombrero
53%
SpongeBob is denied access to the Salty Spitoon after failing to open a bottle of what? Ketchup
49%
In "Help Wanted" what does SpongeBob save the Krusty Crab from? Anchovies
48%
What does SpongeBob name the seahorse he adopts in "My Pretty Seahorse?" Mystery
44%
Which weapon belonging to Mermaid Man and Barnacle Boy does Patrick accidentally use on himself and SpongeBob when chasing Man Ray in "Mermaid and Barnacle Boy III?" The {Orb} of {Confusion}
29%
No matching quizzes found
Score Distribution
Percent of People with Each Score
Percentile by Number Answered
Your Score History
You have not taken this quiz